[Event "Moscow blitz"]
[Site "Moscow"]
[Date "1993.??.??"]
[Round "?"]
[White "Polgar, Zsuzsa"]
[Black "Balashov, Yuri S"]
[Result "1-0"]
[WhiteElo "2560"]
[BlackElo "2545"]
[PlyCount "75"]
[EventDate "1993.??.??"]
[EventType "swiss (blitz)"]
[EventRounds "17"]
[EventCountry "RUS"]
[Source "ChessBase"]
[SourceDate "1996.11.15"]

1. d4 Nf6 2. c4 e6 3. Nf3 b6 4. e3 Bb7 5. Bd3 d5 6. O-O Bd6 7. b3 O-O 8. Bb2
Nbd7 9. Nc3 c5 10. cxd5 exd5 11. Qe2 Re8 12. Rfd1 Qe7 13. Ba6 Nf8 14. Bxb7 Qxb7
15. dxc5 bxc5 16. Qb5 Qxb5 17. Nxb5 Red8 18. Bxf6 gxf6 19. Nc3 d4 20. exd4 cxd4
21. Rxd4 Bc5 22. Rf4 Kg7 23. Ne4 Be7 24. Nh4 Ng6 25. Nf5+ Kf8 26. Rf3 Ba3 27.
Rb1 Bb2 28. h4 Be5 29. h5 Ne7 30. Ne3 Kg7 31. Ng4 Nd5 32. Rd1 Nf4 33. Rxd8 Rxd8
34. g3 Nxh5 35. Nxe5 fxe5 36. Rf5 Kg6 37. Rg5+ Kh6 38. Rxe5 1-0

[Event "NED-chT"]
[Site "Netherlands"]
[Date "1993.??.??"]
[Round "?"]
[White "Polgar, Zsuzsa"]
[Black "Speelman, Jonathan S"]
[Result "0-1"]
[WhiteElo "2560"]
[BlackElo "2595"]
[Annotator "Speelman,J"]
[PlyCount "36"]
[EventDate "1993.??.??"]
[EventType "team"]
[EventRounds "11"]
[EventCountry "NED"]
[Source "ChessBase"]
[SourceDate "1994.02.01"]

1. d4 e6 2. c4 Bb4+ 3. Nc3 b6 4. e4 Bb7 5. d5 $5 (5. Bd3 f5 6. Qh5+ g6 7. Qe2
Nf6 $13) (5. Qc2 Qh4 $5) (5. f3 $5) 5... Qe7 6. Be2 $6 (6. Nge2 Nf6 (6... exd5
7. exd5 Nf6 $13) 7. f3 exd5 8. cxd5 c6 9. dxc6 Nxc6 $6 (9... dxc6 $10) 10. a3
Bxc3+ (10... Bd6 $13) 11. Nxc3 d5 $6 12. Nxd5 $1 (12. Bg5 dxe4 13. Nxe4 Rd8)
12... Nxd5 13. Qxd5 Rd8 (13... O-O 14. Bg5) 14. Qg5 $1 f6 15. Qh5+ $1 g6 16.
Qh6 Nd4 17. Kf2 $16) (6. Be3 $5) 6... Nf6 7. f3 $146 (7. Bg5 $5 h6 8. Bh4 (8.
Bxf6 Qxf6 9. Rc1) 8... g5 (8... Bxc3+ 9. bxc3 Qa3 10. Qd4 (10. f3 Qxc3+ 11. Kf1
$44) 10... Nxe4 11. Qxg7 Rf8 $13 (11... Qxc3+ $2 12. Qxc3 Nxc3 13. Bf6 Nxe2 14.
Bxh8 Nxg1 (14... Nf4) 15. Rxg1 d6 $16)) (8... exd5 9. exd5 O-O 10. Nf3 Re8 11.
Kf1 $13) 9. Bg3 Nxe4 10. Qd4 Nf6 11. O-O-O $44 (11. Be5 c5 $1 $8)) (7. Qd4 exd5
8. exd5 Qe4 {Tartakover-Reti Goteborg 1920}) 7... exd5 8. cxd5 c6 9. dxc6 Nxc6
10. Nh3 d5 $1 11. exd5 O-O-O 12. Bg5 (12. O-O Bxc3 13. bxc3 (13. dxc6 Rxd1 14.
cxb7+ Kxb7 15. Bxd1 Bd4+ 16. Kh1 $17) 13... Rxd5 14. Qc2 (14. Qe1 Re5 15. Nf4
g5 $19) 14... Qc5+ 15. Nf2 Nd4 $19) 12... Rhe8 $1 (12... Qc5 $5) 13. Bxf6 (13.
Nf4 Qe5 14. Bxf6 gxf6 $1 (14... Qxf6 $5)) 13... gxf6 $1 (13... Qxf6 14. O-O
Bxc3 15. bxc3 Qxc3 16. Nf2 Qe5 $1 {xRa1} 17. dxc6 $5 (17. Bc4 Na5 $17) 17...
Rxd1 18. cxb7+ Kxb7 19. Raxd1 (19. Bxd1 Qxa1) 19... Qxe2 20. Rd7+ Ka6 21. Rxf7
Re7 $19 (21... Qxa2 $5)) 14. Nf4 (14. Kf1 Bxc3 15. bxc3 Rxd5 16. Qxd5 Qxe2+ 17.
Kg1 Qe3+ $5 18. Kf1 (18. Nf2 Qe1+ $1 19. Rxe1 Rxe1#) 18... Qe2+ $1 19. Kg1 Ne5
20. Qd6 Nxf3+ 21. gxf3 Qxf3) 14... Qe5 15. Qd2 (15. Qc1 Nd4 (15... Rxd5 $1 16.
O-O Rc5 {and eg:} (16... Bc5+ 17. Kh1 Be3 18. Nfxd5) 17. Nd3 Qd4+ 18. Kh1 Bxc3
(18... Rxc3 19. bxc3 Bxc3 $19) 19. Nxc5 Bxb2 20. Nb3 Qe5 $18) 16. O-O Bxc3 (
16... Kb8 17. Bd3 Bc5 18. Kh1 Bd6 19. g3 Qe3 $5 $44) 17. Bd3 $3) 15... Bxc3 $1
(15... Nd4 16. O-O-O $1) 16. bxc3 Nb4 17. Kf2 $2 (17. O-O-O Nxd5 18. Nxd5 Rxd5
19. Bd3 Red8 20. f4 (20. Rhe1 Rxd3 21. Rxe5 Rxd2 $19) (20. Qe2 Rxd3 21. Qxd3
Rxd3 22. Rxd3 $19) 20... Qd6 21. Kc2 (21. Bf5+ Kc7 22. Qc2 Qxf4+ 23. Kb2 Rxd1
24. Rxd1 Rxd1 25. Qxd1 Qxf5) 21... Rxd3 (21... Qa3 $19) 22. Qxd3 Qxd3+ 23. Rxd3
Be4 24. Rhd1 b5 $1 $19 {intending ...Kc4}) (17. Rd1 Nxd5 18. Nd3 Qxe2+ $5 (
18... Qc7 19. Kf2 (19. c4 $1 Ne3 20. Rc1 Rxd3 $5 21. Qxd3 Nxg2+ 22. Kf2 Qc5+ (
22... Nf4 23. Qf5+ Kb8 24. Rhe1) 23. Kxg2 Rg8+ 24. Kf1 Qg5 25. Kf2 $1 $8 Qg2+
26. Ke3 Re8+ 27. Kd2 Rd8) 19... Nxc3 20. Rc1 Rxe2+ 21. Qxe2 Nxe2 22. Rxc7+ Kxc7
23. Kxe2 Ba6 $19) 19. Qxe2 Rxe2+ 20. Kxe2 Nxc3+ 21. Ke3 Nxd1+ 22. Rxd1 $17) (
17. Rc1 Nxd5 (17... Qxf4 $4 18. cxb4+) 18. Nd3 Qe7 19. Kf2 (19. c4 Nf4 $1) (19.
g3 Nf4 20. gxf4 Bxf3 21. O-O Bxe2 $19) 19... Nf4 $1 20. Rhe1 Nxd3+ (20... Qc5+
$1 21. Kf1 (21. Nxc5 Rxd2 22. Ne4 Bxe4 23. fxe4 (23. Ke3 Rxe2+) 23... Rxe4 (
23... Rxe2+ 24. Rxe2 Nd3+ 25. Ke3 Nxc1 26. Rc2) 24. Kf3 Rdxe2 25. Rxe2 Rxe2 $1
(25... Nxe2 $6 26. Rc2 $1 f5 27. Rxe2 Rxe2 28. Kxe2 Kd7 $13) 26. Kxf4 Rxg2 $19)
21... Rxe2 22. Qxf4 (22. Rxe2 Nxd3) 22... Rxe1+ 23. Nxe1 Ba6+ 24. c4 Rd4 $19)
21. Bxd3 Qc5+ 22. Kf1 Rxe1+ 23. Rxe1 Qd5 24. Rd1) 17... Nxd5 18. Nd3 Nxc3 $1 (
18... Nxc3 19. Rhe1 (19. Bf1 Qd4+ 20. Kg3 Re3 21. Kh3 Kb8) (19. Qxc3+ Qxc3 20.
Rhc1 Rxe2+ 21. Kxe2 Rxd3) 19... Qd4+ (19... Qxe2+) 20. Kf1 Rxe2 21. Rxe2 Nxe2
22. Kxe2 Ba6 $19) 0-1

[Event "Oviedo rapid"]
[Site "Oviedo"]
[Date "1993.??.??"]
[Round "6"]
[White "Polgar, Zsuzsa"]
[Black "Galliamova, Alisa"]
[Result "1-0"]
[WhiteElo "2560"]
[BlackElo "2445"]
[PlyCount "52"]
[EventDate "1993.??.??"]
[EventType "swiss (rapid)"]
[EventRounds "13"]
[EventCountry "ESP"]
[Source "ChessBase"]
[SourceDate "1994.03.01"]

1. d4 d5 2. c4 dxc4 3. Nf3 Nf6 4. e3 e6 5. Bxc4 c5 6. Qe2 a6 7. dxc5 Bxc5 8.
O-O Qc7 9. Nbd2 Nc6 10. Bd3 O-O 11. a3 Be7 12. b4 Nd5 13. Bb2 Bf6 14. Bxf6 Nxf6
15. Rac1 Bd7 16. Ne4 Nxe4 17. Bxe4 Rfd8 18. Qc2 h6 19. Qc5 Be8 20. Rc3 Rac8 21.
Rfc1 Qd6 22. h3 Qxc5 23. Rxc5 Rb8 24. g4 Kf8 25. Kh2 Ke7 26. Kg3 Na7 1-0

[Event "Oviedo rapid"]
[Site "Oviedo"]
[Date "1993.??.??"]
[Round "8"]
[White "Polgar, Zsuzsa"]
[Black "Timman, Jan H"]
[Result "1/2-1/2"]
[WhiteElo "2560"]
[BlackElo "2635"]
[PlyCount "56"]
[EventDate "1993.??.??"]
[EventType "swiss (rapid)"]
[EventRounds "13"]
[EventCountry "ESP"]
[Source "ChessBase"]
[SourceDate "1994.03.01"]

1. d4 Nf6 2. Nf3 e6 3. e3 b6 4. Bd3 Bb7 5. O-O c5 6. c4 Be7 7. Nc3 cxd4 8. exd4
d5 9. cxd5 Nxd5 10. Ne5 O-O 11. Qg4 f5 12. Qe2 Bf6 13. Bc4 Re8 14. Rd1 a6 15.
Qh5 Rf8 16. Qf3 Ra7 17. Bxd5 Bxd5 18. Nxd5 Qxd5 19. Qxd5 exd5 20. Nf3 Rc7 21.
Bf4 Rc2 22. Rac1 Rxb2 23. Rb1 Rxb1 24. Rxb1 Nc6 25. Rxb6 Nxd4 26. Nxd4 Bxd4 27.
Rxa6 Rc8 28. Kf1 Rc2 1/2-1/2

[Event "Oviedo rapid"]
[Site "Oviedo"]
[Date "1993.??.??"]
[Round "13"]
[White "Sharif, Mershad"]
[Black "Polgar, Zsuzsa"]
[Result "0-1"]
[WhiteElo "2420"]
[BlackElo "2560"]
[PlyCount "60"]
[EventDate "1993.??.??"]
[EventType "swiss (rapid)"]
[EventRounds "13"]
[EventCountry "ESP"]
[Source "ChessBase"]
[SourceDate "1994.03.01"]

1. d4 d5 2. c4 dxc4 3. e3 Nf6 4. Bxc4 e6 5. Nf3 a6 6. O-O c5 7. Bd3 cxd4 8.
exd4 Be7 9. Nc3 b5 10. Bc2 Bb7 11. Re1 O-O 12. Qd3 Nbd7 13. Bg5 Rc8 14. Rad1 b4
15. Na4 Bxf3 16. gxf3 g6 17. Bb3 Nh5 18. Bd2 Bd6 19. Qxa6 Nb8 20. Qf1 Re8 21.
Qh3 Nd7 22. Rxe6 Ndf6 23. Rxe8+ Qxe8 24. Nc5 Bf4 25. Bxf4 Nxf4 26. Qh4 N6h5 27.
Ne4 Kg7 28. Ng3 Ne2+ 29. Kh1 Nf6 30. d5 Qe5 0-1

[Event "Candidates (Women) final"]
[Site "Monte Carlo"]
[Date "1993.??.??"]
[Round "3"]
[White "Polgar, Zsuzsa"]
[Black "Ioseliani, Nana"]
[Result "1/2-1/2"]
[WhiteElo "2560"]
[BlackElo "2460"]
[Annotator "Ftacnik,L"]
[PlyCount "121"]
[EventDate "1993.02.??"]
[EventType "match"]
[EventRounds "8"]
[EventCountry "MNC"]
[Source "ChessBase"]
[SourceDate "1993.06.01"]

1. d4 Nf6 2. c4 e6 3. Nc3 Bb4 4. Qc2 O-O 5. a3 Bxc3+ 6. Qxc3 b6 7. Bg5 h6 8.
Bh4 Bb7 9. e3 d6 10. f3 Nbd7 11. Bd3 c5 (11... e5 {Flear,G-Legky/Le Touquet/
1991/}) 12. Ne2 Rc8 13. Qb3 (13. b4 $5 {Sorokin-Atalik/Cheljabinsk/1991/}) (13.
Qd2 Ba6 14. Rc1 cxd4 15. exd4 d5 16. cxd5 Bxd3 17. dxe6 Bxe2 18. Rxc8 Qxc8 19.
exd7 Qxd7 20. Kxe2 Re8+ 21. Kf2 Ne4+ $1 $132 {Flear,G-Summermatter/Chiasso/
1991/}) 13... cxd4 (13... Ba6 14. Qa4) 14. exd4 d5 15. O-O dxc4 16. Bxc4 Nb8 $1
17. Qd3 Bd5 18. Bxd5 Qxd5 19. Bxf6 gxf6 20. Nc3 Qc4 21. Qe3 Kg7 22. Rad1 Nd7 (
22... Nc6 23. d5 $1) 23. Kh1 (23. d5 Qc5 $1) 23... f5 24. d5 Rfe8 25. dxe6 Rxe6
26. Qf2 Ne5 27. Qd2 (27. Ne2 $5 Nxf3 $140 28. Ng3 $40) 27... Rcc6 $1 28. Qc2
Rcd6 $1 29. h3 (29. Qxf5 $6 Rxd1 30. Rxd1 Nd3 $1 $132) 29... Qf4 30. Ne2 Qc4
31. Nc3 Qf4 32. Ne2 Qc4 33. Rc1 Qxc2 34. Rxc2 Nd3 35. Kg1 Rg6 36. Rd1 Nf4 $1
37. Rxd6 Nxe2+ 38. Kf2 Rxd6 39. Kxe2 a5 40. Rc7 Kf6 41. Ke3 Ke6 42. Rc3 Ke5 43.
f4+ Ke6 44. Rb3 Ke7 45. Rb5 Ke6 46. g4 fxg4 47. hxg4 Ke7 48. Ke4 Rg6 49. Re5+
Kf6 50. Kf3 Kg7 51. a4 Rc6 52. Rb5 Kf6 53. b3 Re6 54. Kg3 Rd6 55. Kh4 Kg6 56.
Kg3 Kf6 57. Kf3 Re6 58. Rd5 Ke7 59. Rh5 Kd7 60. Rd5+ Ke7 61. Rh5 1/2-1/2

[Event "Candidates (Women) final"]
[Site "Monte Carlo"]
[Date "1993.??.??"]
[Round "4"]
[White "Ioseliani, Nana"]
[Black "Polgar, Zsuzsa"]
[Result "1/2-1/2"]
[WhiteElo "2460"]
[BlackElo "2560"]
[Annotator "Ftacnik,L"]
[PlyCount "182"]
[EventDate "1993.02.??"]
[EventType "match"]
[EventRounds "8"]
[EventCountry "MNC"]
[Source "ChessBase"]
[SourceDate "1993.06.01"]

1. d4 d5 2. Nf3 Nf6 3. c4 dxc4 4. Nc3 c6 5. a4 Bf5 6. Ne5 e6 7. f3 Bb4 8. e4 (
8. Bg5) 8... Bxe4 $1 9. fxe4 Nxe4 10. Bd2 Qxd4 11. Nxe4 Bxd2+ (11... Qxe4+ 12.
Qe2 Bxd2+ 13. Kxd2 Qd5+) 12. Nxd2 (12. Qxd2 Qxe5 13. O-O-O O-O 14. Nd6 b5 15.
Be2 Na6 16. Rhe1 $14) 12... Qxe5+ 13. Be2 b5 14. O-O O-O 15. axb5 cxb5 16. Bf3
Nc6 17. Qe1 (17. Bxc6 Qc5+ 18. Kh1 Qxc6 $13) 17... Rad8 $5 (17... Qxe1 18.
Rfxe1 Rac8 19. Bxc6 Rxc6 20. Rxa7 $14) 18. Bxc6 Qxe1 19. Rfxe1 Rxd2 20. Bxb5
Rxb2 21. Bxc4 $14 Rb7 22. Ba6 Rd7 23. Reb1 g6 24. Bb7 Rb8 25. Rxa7 Kg7 26. Kf2
Rd2+ (26... h5 27. Be4 $14) 27. Kf1 h5 28. Rb5 Rc2 29. Ra1 Rc4 30. Rd1 Rc7 31.
Bc6 Rxb5 32. Bxb5 Rc5 33. Be2 Ra5 34. Rd7 Rf5+ 35. Ke1 Rf4 36. Bf3 Rh4 37. h3
Ra4 38. Rb7 Ra2 39. Kf1 Rc2 40. Be2 Rc5 41. Kf2 Rf5+ 42. Bf3 Re5 43. Bc6 Rc5
44. Bf3 Re5 45. Ra7 Kf6 46. Rc7 Kg7 47. Rb7 Kf8 48. Be2 Rf5+ 49. Bf3 Re5 50.
Be2 Rf5+ 51. Ke3 Re5+ 52. Kd2 Rg5 53. Bf3 Rc5 54. Kd3 Kg7 55. Kd4 Ra5 56. Bc6
Rf5 57. Rb5 Rf2 58. Ke5 Rd2 (58... Rf5+ 59. Kd6) 59. Rb7 Rd1 60. Rd7 (60. Be8
Rd5+ 61. Ke4 Rf5) 60... Rc1 61. Bf3 Rc2 62. Rd8 Ra2 63. Kd6 Kf6 64. Kd7 Rd2+
65. Ke8 Rxd8+ 66. Kxd8 h4 67. Ke8 e5 68. Kf8 g5 69. Bh5 e4 70. Kg8 (70. Bxf7
Kf5 71. Bh5 Kf4 72. Kf7 Kg3 73. Kf6 Kxg2 74. Bg4 e3 75. Kxg5 e2 76. Bxe2 Kxh3
$10) 70... e3 71. Kf8 Ke6 72. Kg7 f5 73. Kg6 g4 74. hxg4 fxg4 (74... e2 $2 75.
gxf5+ $18) 75. Bxg4+ Ke7 $1 76. Kg7 (76. Kg5 h3 $3 77. gxh3 Kf8 $10) 76... Ke8
77. Be2 Ke7 78. Bb5 Ke6 79. Kg6 Ke7 80. Kg7 Ke6 81. Kg6 Ke7 82. Bc4 Kf8 83. Kh7
Ke8 84. Kg8 Ke7 85. Kg7 Ke8 86. Be2 Ke7 87. Bf3 Ke6 88. Bg4+ Ke7 89. Bh5 Ke6
90. Kg6 Ke7 91. Bf3 Kf8 1/2-1/2

[Event "Candidates (Women) final"]
[Site "Monte Carlo"]
[Date "1993.??.??"]
[Round "8"]
[White "Ioseliani, Nana"]
[Black "Polgar, Zsuzsa"]
[Result "1-0"]
[WhiteElo "2460"]
[BlackElo "2560"]
[Annotator "Ftacnik,L"]
[PlyCount "121"]
[EventDate "1993.02.??"]
[EventType "match"]
[EventRounds "8"]
[EventCountry "MNC"]
[Source "ChessBase"]
[SourceDate "1993.06.01"]

1. d4 d5 2. Nf3 c5 3. c4 cxd4 4. cxd5 Nf6 5. Qa4+ Qd7 6. Qxd4 Qxd5 7. Nc3 Qxd4
8. Nxd4 Bd7 (8... a6) 9. Ndb5 Kd8 10. Be3 Nc6 11. h3 $1 (11. O-O-O Ng4 $1)
11... a6 12. Bb6+ Kc8 13. Na3 (13. Nc7 Rb8 $10) 13... e5 14. Nc4 Be6 15. e4 Bb4
16. O-O-O Bxc3 (16... Nd7 17. Nd5 $16) 17. Nd6+ Kb8 18. bxc3 Nd7 19. Be3 Kc7
20. Bc4 Bxc4 21. Nxc4 f6 22. Rd2 b5 23. Nd6 Nb6 24. Bxb6+ Kxb6 25. Nf5 $1 Rhd8
$1 (25... g6 26. Ne3 Rhf8 27. Rd7 $16) 26. Rhd1 Rxd2 27. Rxd2 Ra7 28. h4 $1 Rf7
(28... Rc7 $5 $132) 29. h5 Kc7 30. h6 g6 31. Ng7 Re7 32. Rd3 Nb8 $1 (32... Nd8
$2 33. Rf3 Rf7 34. Rxf6 Rxf6 35. Ne8+ $18) 33. c4 bxc4 34. Rc3 Kd6 35. Rxc4 Nc6
36. Kd2 Rf7 37. Ke3 Rf8 38. g3 Rb8 $6 (38... Ne7 $1 39. Rb4 Kc6 40. Rc4+ Kd6
41. Rb4 $10) 39. f4 Ne7 40. Ra4 Ra8 41. f5 g5 $2 (41... gxf5 42. Nxf5+ Ke6 $1
$10) 42. Rb4 Kc6 43. Ne6 Rc8 44. Rc4+ Kd6 45. Ra4 Rc6 (45... Ra8 46. Rb4 Kc6
47. Rc4+ Kd6 48. Rc7 $16) 46. Nf8 Ng8 47. Nxh7 Kc5 48. Nxg5 $1 Nxh6 (48... fxg5
49. h7 $18) 49. Ne6+ Kb5 50. Ra3 Rc2 $2 (50... Ng4+ 51. Kf3 Nh2+ 52. Kg2 Ng4
$16) 51. Kd3 $1 (51. Rb3+ Kc4) 51... Rg2 52. Nc7+ $1 Kc6 53. Rc3+ Kb7 54. Nd5
Ng4 (54... Rxg3+ 55. Kc4 Rxc3+ 56. Kxc3 Ng4 57. Kb4 Kc6 58. Ka5 Kb7 59. a3 $1
Ka7 60. Kb4 Kb7 61. Kc5 $18) 55. Rc7+ Kb8 56. Rf7 Rxg3+ 57. Kc4 Ra3 58. Nxf6
Nf2 59. Kd5 Rxa2 60. Kxe5 a5 61. Nd7+ 1-0

[Event "Budapest zt-B"]
[Site "Budapest"]
[Date "1993.??.??"]
[Round "2"]
[White "Chernin, Alexander"]
[Black "Polgar, Zsuzsa"]
[Result "0-1"]
[WhiteElo "2200"]
[BlackElo "2200"]
[Annotator "Stohl,I"]
[PlyCount "56"]
[EventDate "1993.03.??"]
[EventType "tourn"]
[EventRounds "11"]
[EventCountry "HUN"]
[EventCategory "9"]
[Source "ChessBase"]
[SourceDate "1993.06.01"]

1. c4 {Ribli  Ftacnik} e5 2. Nc3 Nf6 3. Nf3 Nc6 4. e3 Bb4 5. Qc2 (5. Nd5 e4 6.
Ng1 O-O 7. Qc2 Re8 8. Ne2 Bd6 9. a3 b5 $1 10. Nxf6+ Qxf6 11. cxb5 Ne5 $44 {
Goldin,A-Yakovich,Y,Moscow Alekhine op 1992}) 5... Bxc3 (5... O-O 6. Nd5 Re8 7.
Qf5 $1 $14) (5... d6 $5 {Timman,/\Bg4,Qd7,0-0-0}) 6. Qxc3 Qe7 7. d3 (7. a3 d5
$1 (7... a5 8. b4 $1 axb4 9. axb4 Rxa1 10. Qxa1 e4 11. b5 $14) 8. d4 (8. cxd5
Nxd5 9. Qb3 Nb6 $10 (9... Nb6 {Ribli} 10. d3 O-O $13 {Greenfeld,A-Chernin,A 
Beersheba 1992  CBM/30})) 8... exd4 9. Nxd4 Nxd4 10. Qxd4 c5 11. Qh4 dxc4 $10 (
11... dxc4 12. Bxc4 O-O 13. Bd2 Be6 $10 {Pomes,J-Epishin,V  Terrassa 1991  CBM/
24  52/(36)})) 7... d5 8. cxd5 Nxd5 9. Qc2 O-O 10. a3 a5 11. b3 Bg4 $1 (11...
Kh8 {Ftacnik} 12. Be2 Bg4 13. Bb2 Rad8 14. O-O f5 15. h3 Bh5 16. Nxe5 $1 Nxe5
17. Bxh5 f4 18. d4 Qg5 19. dxe5 Qxh5 20. Qe4 c6 21. Rae1 Rde8 22. exf4 Rxf4 23.
Qe2 Qg6 24. Bc1 Rh4 25. Kh2 Rd4 26. f4 $16 {Anikaev,Y-Romanishin,O/URS-ch/1979/
}) (11... f5 {Ftacnik} 12. Bb2 f4 13. e4 Nf6 14. h3 Kh8 15. Be2 Bd7 16. Rc1
Rae8 17. O-O Bc8 18. Rfe1 Nd7 19. Bf1 Rf6 20. Qc4 Rd6 21. b4 Nb6 22. Qc2 axb4
23. axb4 Nxb4 24. Qxc7 Qxc7 25. Rxc7 Nc6 26. Rc1 $16 {Ermenkov,E-Bisguier,A/
Lone Pine/1980/}) 12. Be2 Rad8 13. O-O (13. Bb2 f5 14. h3 Bh5 $5 {/\} (14...
Bxf3 15. Bxf3 f4 $1 16. Qc4 Qf7 $13) 15. Nxe5 $6 Nxe5 16. Bxh5 f4 17. e4 f3 $1
$36) (13. Bb2 $5 {Ribli}) 13... f5 14. h3 Bh5 15. Bb2 $6 (15. Nxe5 $5 Qxe5 (
15... Bxe2 $6 16. Nxc6 bxc6 17. Qxe2 Nf4 18. Qc2 $16) 16. Bxh5 f4 $1 (16...
Qxa1 17. Bb2 Qa2 18. Ra1 $16 {/\} Ncb4 $2 19. axb4 Nxb4 20. Qc4+ $18) 17. Bf3
fxe3 (17... Qxa1 18. Bb2 Qxf1+ 19. Kxf1 fxe3 20. Qc4 $14 (20. Qc4 {Ftacnik} Kh8
$14)) 18. Bxd5+ Qxd5 19. Bxe3 Qxd3 $10) 15... e4 $1 16. dxe4 (16. Nd4 Nxd4 17.
Bxd4 Bxe2 18. Qxe2 Nf4 $15) (16. Ne1 {Ftacnik} Bxe2 17. Qxe2 Rd6 $13) 16...
fxe4 17. Ne5 (17. Nd4 Bxe2 (17... Nxd4 {Ftacnik} 18. Bxd4 Bxe2 19. Qxe2 b6 $13)
18. Nxc6 {-17.Ne5} (18. Qxe2 Rd6 $36)) 17... Bxe2 (17... Nxe5 {Ftacnik} 18.
Bxh5 Nd3 19. Be2 Nxb2 20. Qxb2 $13) 18. Nxc6 bxc6 19. Qxe2 Rd6 20. Rac1 $2 (20.
Bd4 $8 Rg6 21. f4 (21. Qc4 $6 {Ftacnik} Qg5 22. g3 Rf3 {/\ Rg3+}) 21... exf3
22. Rxf3 Rxf3 23. Qxf3 Re6 $36) 20... Rg6 21. Bd4 (21. f4 $8 exf3 $17) 21...
Rf3 $1 (21... Qg5 {Ftacnik} 22. f4 exf3 23. Rxf3 Qxg2+ 24. Qxg2 Rxf3 25. Qxg6
hxg6 26. Kg2 Rf7 27. Rxc6 $16) 22. g3 (22. Kh2 Qh4 (22... Qd6+ $1 {Ftacnik} 23.
Kh1 Qe6 24. Kh2 Rxg2+ 25. Kxg2 Qxh3+ $19) 23. gxf3 Rh6 $19) (22. Rxc6 $2 {
Ftacnik} Rxc6 23. gxf3 Rg6+ 24. Kh2 Qg5 $19) (22. Kh1 {Ribli} Qh4 $19) 22...
Qh4 23. Kh2 (23. Rxc6 {Ftacnik} Rfxg3+ 24. fxg3 Qxg3+ 25. Kh1 Qxh3+ 26. Qh2
Qxf1+) 23... Rgxg3 $1 $19 24. fxg3 Qxg3+ (24... Rxg3 $2 {Ftacnik} 25. Rf8+ $1
Kxf8 26. Qf2+ $18) 25. Kh1 Qxh3+ 26. Kg1 (26. Qh2 {Ftacnik} Rxf1+ 27. Rxf1
Qxf1+ $19) 26... Rg3+ 27. Kf2 Qh4 $1 28. Rh1 (28. Ke1 $8 Rxe3+ 29. Kd2 Rxe2+
$19 (29... Rxe2+ {Ftacnik} 30. Kxe2 Qg3 $19)) (28. Qh5 {Ftacnik} Rf3+ $19) (28.
Qc2 {Ftacnik} Rxe3+ 29. Kg1 Rg3+ 30. Kf2 Rc3+ $19) 28... Rh3+ (28... Rh3+ 29.
Kg2 Qg3+ $19) 0-1

[Event "Budapest zt-B"]
[Site "Budapest"]
[Date "1993.??.??"]
[Round "4"]
[White "Stohl, Igor"]
[Black "Polgar, Zsuzsa"]
[Result "1-0"]
[WhiteElo "2540"]
[BlackElo "2560"]
[PlyCount "89"]
[EventDate "1993.03.??"]
[EventType "tourn"]
[EventRounds "11"]
[EventCountry "HUN"]
[EventCategory "9"]
[Source "ChessBase"]
[SourceDate "1993.06.01"]

1. Nf3 d5 2. d4 c5 3. dxc5 e6 4. e4 Bxc5 5. exd5 exd5 6. Be2 Nc6 7. O-O Nge7 8.
Nbd2 O-O 9. Nb3 Bd6 10. c3 h6 11. Be3 Re8 12. Nbd4 Nf5 13. Nxf5 Bxf5 14. Re1
Be4 15. Nd2 Qh4 16. g3 Qf6 17. Qb3 Re7 18. Rad1 Rd8 19. Nxe4 dxe4 20. Rd5 b6
21. Red1 Bc7 22. Rxd8+ Nxd8 23. Qd5 Nc6 24. Bb5 Re6 25. Qd7 Be5 26. Bxc6 Rxc6
27. Qe8+ Kh7 28. Rd7 Rc7 29. Rxc7 Bxc7 30. Qxe4+ Qg6 31. Qxg6+ Kxg6 32. c4 Kf5
33. f3 h5 34. Kf2 g5 35. h3 Be5 36. g4+ hxg4 37. hxg4+ Ke6 38. b4 f6 39. Ke2
Bd6 40. b5 Be7 41. Kd3 Bd6 42. a4 Bc7 43. c5 Kd5 44. c6 Be5 45. Bd4 1-0

[Event "Budapest zt-B"]
[Site "Budapest"]
[Date "1993.??.??"]
[Round "11"]
[White "Sznapik, Aleksander"]
[Black "Polgar, Zsuzsa"]
[Result "0-1"]
[WhiteElo "2440"]
[BlackElo "2560"]
[PlyCount "88"]
[EventDate "1993.03.??"]
[EventType "tourn"]
[EventRounds "11"]
[EventCountry "HUN"]
[EventCategory "9"]
[Source "ChessBase"]
[SourceDate "1993.06.01"]

1. e4 c5 2. Nf3 d6 3. d4 cxd4 4. Nxd4 Nf6 5. Nc3 a6 6. Be2 e6 7. O-O Be7 8. f4
O-O 9. Kh1 Qc7 10. a4 Nc6 11. Be3 Rd8 12. Qe1 Nxd4 13. Bxd4 e5 14. Be3 exf4 15.
Bxf4 Be6 16. Qg3 Nd7 17. Bh6 Bf8 18. Bg4 Ne5 19. Bxe6 fxe6 20. Ne2 Nf7 21. Bg5
Nxg5 22. Qxg5 Qxc2 23. Qg4 Re8 24. Nd4 Qc8 25. Rac1 Qd7 26. Rc3 g6 27. Rfc1 Bg7
28. Rc7 Rac8 29. Rxc8 Rxc8 30. Rxc8+ Qxc8 31. Ne2 Bxb2 32. h4 Be5 33. h5 Kg7
34. g3 b5 35. axb5 axb5 36. Kg2 Qc2 37. Qf3 Qd2 38. Kh3 Qg5 39. g4 b4 40. hxg6
hxg6 41. Qd3 Qh6+ 42. Kg2 Qh2+ 43. Kf1 Qh1+ 44. Ng1 Bh2 0-1

[Event "Amber-blindfold 02nd"]
[Site "Monte Carlo"]
[Date "1993.03.26"]
[Round "1"]
[White "Polgar, Zsuzsa"]
[Black "Karpov, Anatoly"]
[Result "0-1"]
[WhiteElo "2560"]
[BlackElo "2725"]
[PlyCount "104"]
[EventDate "1993.03.26"]
[EventType "tourn (rapid)"]
[EventRounds "11"]
[EventCountry "MNC"]
[EventCategory "15"]
[Source "ChessBase"]
[SourceDate "1993.07.01"]

1. d4 Nf6 2. c4 e6 3. Nf3 b6 4. g3 Ba6 5. b3 Bb4+ 6. Bd2 Be7 7. Bg2 Bb7 8. Nc3
O-O 9. O-O Na6 10. Qc2 d5 11. cxd5 Nb4 12. Qb2 Nbxd5 13. Rfd1 Rc8 14. Rac1 c5
15. Nxd5 Bxd5 16. dxc5 Bxc5 17. b4 Be7 18. Bc3 Qe8 19. a3 Qa4 20. Ne1 Bxg2 21.
Nxg2 Rfd8 22. Rxd8+ Rxd8 23. Ne3 Ne8 24. Qc2 Qxc2 25. Rxc2 f6 26. Bb2 Kf7 27.
Kg2 Rd7 28. Kf3 Nd6 29. g4 Ke8 30. h4 Rb7 31. h5 a5 32. g5 fxg5 33. Bxg7 Nf5
34. Nxf5 exf5 35. Rc8+ Kf7 36. Bc3 Ke6 37. h6 Bd6 38. e3 Rc7 39. Re8+ Kd7 40.
Rh8 Rxc3 41. Rxh7+ Ke6 42. Rh8 Rc7 43. h7 Re7 44. bxa5 bxa5 45. a4 Be5 46. Ra8
Rxh7 47. Rxa5 g4+ 48. Kg2 Rc7 49. Ra8 Rc2 50. Kg1 Kd5 51. a5 Ra2 52. a6 Ke4 0-1

[Event "Amber-blindfold 02nd"]
[Site "Monte Carlo"]
[Date "1993.03.31"]
[Round "5"]
[White "Kortschnoj, Viktor"]
[Black "Polgar, Zsuzsa"]
[Result "0-1"]
[WhiteElo "2605"]
[BlackElo "2560"]
[PlyCount "102"]
[EventDate "1993.03.26"]
[EventType "tourn (rapid)"]
[EventRounds "11"]
[EventCountry "MNC"]
[EventCategory "15"]
[Source "ChessBase"]
[SourceDate "1993.07.01"]

1. c4 e5 2. g3 Nc6 3. Bg2 g6 4. Nc3 Bg7 5. e3 d6 6. Nge2 Nge7 7. d4 exd4 8.
exd4 Bg4 9. f3 Bf5 10. g4 Bc8 11. Be3 d5 12. c5 b6 13. Na4 Ba6 14. Bf1 Qc8 15.
Nf4 h5 16. Rc1 hxg4 17. fxg4 Bxf1 18. Kxf1 g5 19. Ng2 Rh3 20. cxb6 axb6 21. Nc3
Qa6+ 22. Kf2 Kd7 23. Ne2 f5 24. Bxg5 fxg4 25. Ne3 Rf8+ 26. Kg1 Rhf3 27. Bxe7
Nxe7 28. Nxg4 Rf1+ 29. Qxf1 Rxf1+ 30. Kxf1 Bxd4 31. Rd1 Nf5 32. a3 Kd6 33. Rd2
Ne3+ 34. Ke1 Bc5 35. b4 Nxg4 36. bxc5+ bxc5 37. Rg1 Qc4 38. Rg3 Qe4 39. h3 Ne3
40. Rb2 d4 41. Rg5 Qh4+ 42. Rg3 Nf5 43. Kf2 d3 44. Rd2 c4 45. Kf3 Nxg3 46. Nxg3
Kd5 47. a4 Qf6+ 48. Kg2 Kd4 49. Rf2 Qc6+ 50. Kf1 c3 51. Nf5+ Ke5 0-1

[Event "Amber-rapid 02nd"]
[Site "Monte Carlo"]
[Date "1993.03.31"]
[Round "5"]
[White "Polgar, Zsuzsa"]
[Black "Kortschnoj, Viktor"]
[Result "1/2-1/2"]
[WhiteElo "2560"]
[BlackElo "2605"]
[PlyCount "93"]
[EventDate "1993.03.26"]
[EventType "tourn (rapid)"]
[EventRounds "11"]
[EventCountry "MNC"]
[EventCategory "15"]
[Source "ChessBase"]
[SourceDate "1993.07.01"]

1. d4 Nf6 2. c4 e6 3. Nf3 b6 4. g3 Bb7 5. Bg2 Be7 6. Nc3 Ne4 7. Bd2 f5 8. d5
Na6 9. O-O Bf6 10. Rc1 O-O 11. a3 Nac5 12. b4 Nxc3 13. Bxc3 Ne4 14. Bxf6 Qxf6
15. Qd3 c6 16. dxe6 dxe6 17. c5 Rad8 18. Qb3 bxc5 19. bxc5 Ba6 20. Rc2 Kh8 21.
Qa4 Bb5 22. Qxa7 g5 23. Qa5 g4 24. Nd2 Ng5 25. Nc4 f4 26. gxf4 Nf3+ 27. exf3
gxf3 28. Qc3 Bxc4 29. Qxf6+ Rxf6 30. Rxc4 Rg8 31. Rd1 Rxg2+ 32. Kf1 Rxh2 33.
Ke1 Rg6 34. Rd7 Rg1+ 35. Kd2 Rxf2+ 36. Ke3 Ra2 37. Kxf3 Rxa3+ 38. Kf2 Rb1 39.
Re4 Rb2+ 40. Re2 Rxe2+ 41. Kxe2 Rc3 42. Rd6 Rxc5 43. Rxe6 Kg7 44. Kf3 h5 45.
Kg3 Rc4 46. Rd6 c5 47. Rc6 1/2-1/2